| 000 | 01223nam0a22002651 4500 | ||
|---|---|---|---|
| 001 | rc\4446775 | ||
| 005 | 20260407084746.0 | ||
| 021 |
_aRU _b[60-38188] |
||
| 035 | _a(NLR Aleph) 008584127 | ||
| 090 |
_a8603498 _c8603498 |
||
| 100 | _a20130416d1960 |||y0rusy50 ca | ||
| 101 | 0 | _arus | |
| 102 | _aRU | ||
| 105 | _aa z ||||| | ||
| 200 | 1 |
_aИнструкция 301-59 по поверке образцовых и рабочих препаратов радия, градуируемых в единицах радиевого гамма-эквивалента _e[Введена в действие с 1 июня 1960 г.] _fКом. стандартов, мер и измерит. приборов при Совете Министров СССР |
|
| 205 | _aОфиц. изд. | ||
| 210 |
_aМосква _cСтандартгиз _d1960 |
||
| 215 |
_a11 с. _cсхем. _d22 |
||
| 606 |
_aРадий, изотопы _xОбразцы _xПоверка _2psbo |
||
| 712 | 0 | 1 |
_aСССР _bКомитет стандартов, мер и измерительных приборов _9297984 _3RU\NLR\AUTH\8812587 |
| 801 | 0 |
_aRU _bNLR _gpsbo |
|
| 801 | 1 |
_aRU _bELAR _2rusmarc |
|
| 852 |
_aNLR _jПт 40/42-301-59 |
||
| 942 | _cBOOK | ||
| 980 | _aNB | ||